Pub companies (Record no. 110004)
[ view plain ]
| 000 -LEADER | |
|---|---|
| fixed length control field | 01574cad a22002295a 4500 |
| 001 - CONTROL NUMBER | |
| control field | E148332 |
| 008 - FIXED-LENGTH DATA ELEMENTS--GENERAL INFORMATION | |
| fixed length control field | 090907e20090513xxk f f000 0 eng d |
| 035 ## - SYSTEM CONTROL NUMBER | |
| System control number | (Sirsi) u148332 |
| 041 0# - LANGUAGE CODE | |
| Language code of text/sound track or separate title | eng |
| 050 04 - LIBRARY OF CONGRESS CALL NUMBER | |
| Classification number | 333.33 $2 18 |
| 110 1# - MAIN ENTRY--CORPORATE NAME | |
| Corporate name or jurisdiction name as entry element | United Kingdom |
| Subordinate unit | Parliament |
| -- | House of Commons |
| -- | Business and Enterprise Committee |
| 9 (RLIN) | 5789 |
| 245 00 - TITLE STATEMENT | |
| Title | Pub companies |
| Remainder of title | seventh report of session 2008-09, volume 1, report, together with formal minutes |
| Medium | [electronic resource] |
| 260 ## - PUBLICATION, DISTRIBUTION, ETC. | |
| Place of publication, distribution, etc. | London |
| Name of publisher, distributor, etc. | UK Parliament |
| Date of publication, distribution, etc. | 2009 |
| 505 2# - FORMATTED CONTENTS NOTE | |
| Formatted contents note | Summary -- Introduction -- Is the rental system fair? -- Ties -- Benefits of the pubco tied model -- Dispute resolution -- Competition issues -- Conclusion -- Conclusions and recommendations -- Formal minutes -- Witnesses -- List of written evidence -- List of reports from the Committee during the current Parliament |
| 520 ## - SUMMARY, ETC. | |
| Summary, etc. | Examines the relationship between lessees and pub companies, and whether this provides value for money for landlords and customers. Suggests that the issue be referred to the Competition Commission for investigation, and presents the Committee's provisional view which is that the tie should be severely limited to make sure there is competition in the market. |
| 521 ## - TARGET AUDIENCE NOTE | |
| Target audience note | Advanced |
| 590 ## - LOCAL NOTE (RLIN) | |
| Local note | KA |
| 651 #4 - SUBJECT ADDED ENTRY--GEOGRAPHIC NAME | |
| Geographic name | United Kingdom |
| Chronological subdivision | |
| 690 ## - LOCAL SUBJECT ADDED ENTRY--TOPICAL TERM (OCLC, RLIN) | |
| Topical term or geographic name as entry element | PROPERTY-COMMERCIAL PROPERTY-LEISURE PROPERTY-REFRESHMENT AND CULINARY PROPERTY-LICENSED PROPERTY-LICENSED PREMISES |
| 856 40 - ELECTRONIC LOCATION AND ACCESS | |
| Uniform Resource Identifier | <a href="https://www.parliament.uk/parliamentary_committees/berr.cfm">https://www.parliament.uk/parliamentary_committees/berr.cfm</a> |
| Public note | View the item free of charge at www.publications.parliament.uk... |
| 942 ## - ADDED ENTRY ELEMENTS (KOHA) | |
| Suppress in OPAC | 0 |
| Withdrawn status | Lost status | Source of classification or shelving scheme | Damaged status | Not for loan | Home library | Current library | Shelving location | Date acquired | Total Checkouts | Full call number | Barcode | Date last seen | Copy number | Price effective from | Koha item type |
|---|---|---|---|---|---|---|---|---|---|---|---|---|---|---|---|
| Dewey Decimal Classification | Virtual | Virtual | Online | 07/09/2009 | ONLINE PUBLICATION | 148332-2001 | 06/08/2019 | 1 | 06/08/2019 | Book |